| 000 | 00805nam a2200253 a 4500 | ||
|---|---|---|---|
| 008 | |||
| 020 | _a052182060X (hbk.) | ||
| 049 | _aMAIN | ||
| 090 | _aQA76.73.J38 APP | ||
| 100 | 1 | _aAppel, Andrew W. | |
| 245 | 1 | 0 |
_aModern compiler implementation in Java / _cAndrew W. Appel with Jens Palsberg. |
| 250 | _a2nd ed. | ||
| 260 |
_aCambridge : _bCambridge University Press, _c2002. |
||
| 300 |
_aix, 501 p. : _bill. ; _c24 cm. |
||
| 504 | _aIncludes bibliographical references. | ||
| 500 | _aIncludes index. | ||
| 650 | 0 |
_aJava (Computer program language) _xCompilers (Computer programs). |
|
| 700 | _aJens Palsberg | ||
| 907 |
_a.b10132405 _b23-02-07 _c11-08-04 |
||
| 003 | |||
| 005 | 20230123134310.0 | ||
| 040 | _cNUST | ||
| 942 |
_cBOOKS _kQA76.73.J38 APP |
||
| 999 |
_c163468 _d163468 |
||